000 00752pam a2200229 a 4500
001 2489556
005 20180216051545.0
008 910619s1992 nyu b 001 0 eng
010 _a 91053121
020 _a0394582721 :
_c$21.00
040 _aDLC
_cDLC
_dDLC
041 _aeng
080 _a303.483 POS
082 0 0 _a303.483 POS
_220
100 1 _a50
101 _aSOC
245 1 0 _aTechnopoly :
_cNeil Postman.
504 _aIncludes bibliographical references (p. [207]-210) and index.
906 _a7
_bcbc
_corignew
_d1
_eocip
_f19
_gy-gencatlg
942 _2ddc
_cBK
999 _c42780
_d42780